|
|
|
|
| LEADER |
00000nam a2200000 a 4500 |
| 001 |
vtls001425577 |
| 003 |
SK-MaSNL |
| 005 |
20260302001753.0 |
| 008 |
240318s2001 xo a rb slo |
| 015 |
|
|
|a SNBA2002/05-01839
|
| 020 |
|
|
|a 8088949203
|
| 035 |
|
|
|a SNK000380479
|
| 035 |
|
|
|a urn:nbn:sk:snk-amk1g1
|
| 035 |
|
|
|a urn:nbn:sk:snk-am0087i8
|
| 035 |
|
|
|a CC4290C3-3002-482F-9F77-2CACBBE04215
|
| 040 |
|
|
|a SNK
|b slo
|c SNK
|e AACR2
|
| 041 |
0 |
|
|a slo
|
| 044 |
|
|
|a xo
|c SK
|
| 080 |
|
|
|a 235.3:929
|2 1981
|
| 080 |
|
|
|a 929 Bosco, Ján sv.
|2 1981
|
| 100 |
1 |
|
|a Koza-Matejov, Juraj,
|d 1884-1973
|4 aut
|9 242885
|
| 245 |
1 |
0 |
|a Don Bosco
|c Jur Koza-Matejov
|
| 260 |
|
|
|a [Bratislava]
|b Oto Nemeth
|c 2001
|
| 300 |
|
|
|a 334 s. ŁŁc fotogr.
|c 21 cm
|
| 600 |
0 |
1 |
|a Bosco, Ján,
|c svätý,
|d 1815-1888
|2 SNK
|9 155860
|
| 655 |
|
7 |
|a biografie
|2 SNK
|9 27965
|
| 919 |
|
|
|a 80-88949-20-3
|
| 958 |
|
|
|a TL
|
| 958 |
|
|
|a BC
|
| 958 |
|
|
|a NT
|
| 958 |
|
|
|a OND
|
| 999 |
|
|
|c 985200
|d 987130
|
| 952 |
|
|
|t P60, <03>, [BOOK], {603}
|a SNK
|b SNK
|y PREZ
|7 0
|p 17A0324950
|o snkSC 106775
|i snkKSP 13735/2001
|0 0
|1 0
|4 0
|d 2001-12-11
|f 1
|l 0
|r 2025-09-26 00:00:00
|w 2026-02-24
|
| 952 |
|
|
|t P60, <04>, [BOOK], {604}
|a SNK
|b SNK
|y VYP
|7 0
|p 17A0324949
|o snkSC 106775 D1
|i snkKSP 13736/2001
|0 0
|1 0
|4 0
|d 2001-12-11
|l 0
|r 2005-01-02 00:00:00
|w 2026-02-24
|